000 00775nam a22002057a 4500
999 _c18801
_d18801
008 240129b ||||| |||| 00| 0 eng d
020 _a9789719820130
082 _22023
_aDFil 658.8
_bT253
100 _aTe, Danilo M.
_950912
245 _aPrinciples of marketing :
_bfor senior high school /
_cDanilo M. Te, Rodilina Baltazar-Marte, and Donna Vida M. Abrina.
250 _aRevised edition.
260 _aQuezon City :
_bC&E Publishing, Inc.,
_c©2023.
300 _aix, 261 pages :
_billustrations ;
_c26 cm.
500 _aIncludes glossary, bibliography, and index.
650 _aMarketing.
_951438
650 _aCustomer relations.
_951439
700 _aMarte, Rodilina Baltazar
_eauthor.
_950913
700 _aAbrina, Donna Vida M.
_eauthor.
_950914
942 _2ddc
_cDFIL